| Tag |
First Indicator |
Second Indicator |
Subfields |
| LEADER |
00000cam a2200000 a 4500 |
| 001 |
in00002786640 |
| 005 |
20211120170330.0 |
| 006 |
m o d f |
| 007 |
cr cn||||||||| |
| 008 |
121106s2010 dcuab o f000 0 eng c |
| 035 |
|
|
|a (OCoLC)ocn816125262
|
| 040 |
|
|
|a GPO
|c GPO
|d GPO
|d MvI
|d UtOrBLW
|
| 042 |
|
|
|a pcc
|
| 043 |
|
|
|a n-us---
|
| 049 |
|
|
|a WWW
|
| 074 |
|
|
|a 0430-Q (online)
|
| 086 |
0 |
|
|a E 10.2:C 73/2/2010
|
| 245 |
0 |
4 |
|a The Race to Replace the common light bulb.
|
| 246 |
1 |
|
|i At head of title:
|a L Prize
|
| 264 |
|
1 |
|a [Washington, DC] :
|b U.S. Dept. of Energy, Energy Efficiency & Renewable Energy,
|c [2010]
|
| 300 |
|
|
|a 1 online resource (6 pages) :
|b color illustrations, color map.
|
| 336 |
|
|
|a text
|b txt
|2 rdacontent
|
| 337 |
|
|
|a computer
|b c
|2 rdamedia
|
| 338 |
|
|
|a online resource
|b cr
|2 rdacarrier
|
| 500 |
|
|
|a Title from title screen (viewed on November 6, 2012).
|
| 500 |
|
|
|a "January 2010."
|
| 500 |
|
|
|a "Bright tomorrow lighting prizes."
|
| 500 |
|
|
|a Electronic resource.
|
| 610 |
1 |
0 |
|a United States.
|b Department of Energy
|x Awards.
|
| 650 |
|
0 |
|a Electric lighting
|x Competitions
|z United States.
|
| 710 |
1 |
|
|a United States.
|b Department of Energy.
|b Office of Energy Efficiency and Renewable Energy.
|
| 856 |
4 |
0 |
|u https://purl.fdlp.gov/GPO/gpo30963
|t 0
|
| 999 |
|
|
|a MARS
|
| 999 |
f |
f |
|s 9249a0f7-6448-341d-bf3b-9b566425c5a3
|i 89ce4fd4-9d55-3a1f-92d9-014650964a87
|t 0
|
| 952 |
f |
f |
|a Texas A&M University
|b College Station
|c Electronic Resources
|d Available Online
|t 0
|e E 10.2:C 73/2/2010
|h Superintendent of Documents classification
|
| 998 |
f |
f |
|a E 10.2:C 73/2/2010
|t 0
|l Available Online
|